| 000 | 01116nam a2200229 i 4500 | ||
|---|---|---|---|
| 001 | 120981 | ||
| 003 | ES-MaACL | ||
| 005 | 20230906191649.0 | ||
| 007 | t| | ||
| 008 | 070214m19201924fr r ||||1| fre d | ||
| 245 | 0 | 0 |
_aPrécis de pathologie chirurgicale / _cBégouin [et al.]. |
| 260 |
_aParis : _bMasson et Cie., _c1920-24. |
||
| 300 |
_a4 v. : _bil. ; _c19 cm. |
||
| 505 | 8 | _aContiene: v. I: Pathologie chirurgicale générale : maladies générales des tissus, crâne et rachis --- v. II: Tête ; cou ; thorax --- v. III: Glandes mammaires ; abdomen ; appareil génital de l'homme --- v. IV: Appareil urinaire ; gynécologie ; fractures et luxations ; affections des membres | |
| 650 | 4 |
_aPatología quirúrgica. _9136666 |
|
| 700 | 1 |
_aBégouin, P. _927037 |
|
| 740 | 0 | _aPathologie chirurgicale générale : maladies générales des tissus, crâne et rachis. | |
| 740 | 0 | _aTête ; cou ; thorax. | |
| 740 | 0 | _aGlandes mammaires ; abdomen ; appareil génital de l'homme. | |
| 740 | 0 | _aAppareil urinaire ; gynécologie ; fractures et luxations ; affections des membres. | |
| 852 |
_aES-MaACL _jB-11943-46 |
||
| 999 |
_c120981 _d120981 |
||